[Event "Junior Online 4NCL Division 5"]
[Site "online"]
[Date "2020.05.28"]
[Round "7.254"]
[White "Robinson, Jonas"]
[Black "Patel, Diah Dipal"]
[Result "1-0"]
[WhiteElo "850"]
[BlackElo "707"]
[PlyCount "43"]
[EventDate "2020.05.28"]
[WhiteTeam "MCS Niners"]
[BlackTeam "Hallfield School C"]

1. e4 e5 2. Nf3 Bc5 3. Nxe5 Nf6 4. Nc3 O-O 5. Bc4 Qe8 6. d4 Bb4 7. Bd2 d6 8.
Nd3 Bxc3 9. Bxc3 Qxe4+ 10. Kf1 Bg4 11. f3 Bxf3 12. Qxf3 Qe7 13. Qxb7 Re8 14.
Qxa8 Qe2+ 15. Kg1 Ng4 16. Re1 Qxe1+ 17. Nxe1 h6 18. Bb5 Re6 19. Qxb8+ Kh7 20.
Bd3+ g6 21. d5 Re7 22. Qh8# 1-0

[Event "Junior Online 4NCL Division 5"]
[Site "online"]
[Date "2020.05.28"]
[Round "7.255"]
[White "Yao, Rian"]
[Black "Murthy, Rishab"]
[Result "1-0"]
[WhiteElo "1150"]
[BlackElo "1150"]
[PlyCount "57"]
[EventDate "2020.05.28"]
[WhiteTeam "MCS Niners"]
[BlackTeam "Hallfield School C"]

1. e4 e5 2. Nf3 Nc6 3. Bc4 Bc5 4. c3 d6 5. d4 exd4 6. cxd4 Bb4+ 7. Bd2 Bxd2+ 8.
Nbxd2 Bg4 9. h3 Bxf3 10. Qxf3 Nf6 11. O-O-O Nxd4 12. Qg3 g6 13. Nb1 d5 14. Rxd4
Nxe4 15. Qe5+ Qe7 16. Qxh8+ Qf8 17. Qxf8+ Kxf8 18. Bxd5 Nxf2 19. Rf1 c5 20. Rf4
Nd3+ 21. Kd2 Nxf4 22. Rxf4 Rd8 23. Rxf7+ Kg8 24. Rd7+ Kf8 25. Rxd8+ Ke7 26. Rh8
Kd6 27. Bxb7 Kc7 28. Rxh7+ Kb6 29. Nc3 1-0

[Event "Junior Online 4NCL Division 5"]
[Site "online"]
[Date "2020.05.28"]
[Round "7"]
[White "Sareen, Rohan"]
[Black "Lakha, Haider"]
[Result "1/2-1/2"]
[WhiteElo "1187"]
[BlackElo "1112"]
[PlyCount "31"]
[EventDate "2020.05.28"]
[WhiteTeam "Hallfield School C"]
[BlackTeam "MCS Niners"]

1. e4 e5 2. Nf3 Nc6 3. Bc4 Nf6 4. Ng5 d5 5. exd5 Nxd5 6. Nxf7 Kxf7 7. Qf3+ Ke8
8. Qxd5 Qxd5 9. Bxd5 Nb4 10. Bb3 Bf5 11. d3 Nc6 12. Be3 Nd4 13. Nc3 Nxb3 14.
axb3 Bb4 15. O-O Bxc3 16. bxc3 1/2-1/2

[Event "Junior Online 4NCL Division 5"]
[Site "online"]
[Date "2020.05.28"]
[Round "7.1"]
[White "Large, Marcus"]
[Black "Khashu, Rohan"]
[Result "1-0"]
[WhiteElo "857"]
[BlackElo "1097"]
[PlyCount "61"]
[EventDate "2020.05.28"]
[WhiteTeam "MCS Niners"]
[BlackTeam "Hallfield School C"]

1. e4 e5 2. Nf3 Nc6 3. Nc3 Nf6 4. Bc4 d6 5. d3 Bg4 6. Bg5 Bxf3 7. Qxf3 Nd4 8.
Qd1 c6 9. Bb3 Qb6 10. Na4 Qc5 11. Nxc5 dxc5 12. c3 Nxb3 13. axb3 h6 14. Bxf6
gxf6 15. Ra4 Bg7 16. Rc4 b6 17. b4 O-O-O 18. b5 Rd7 19. bxc6 Rd6 20. d4 exd4
21. cxd4 cxd4 22. Rxd4 Rxc6 23. Rd7 Re6 24. Rd4 f5 25. f3 Rhe8 26. Rc4+ Kb8 27.
Qd7 Bf6 28. Rc7 Rd8 29. Rb7+ Ka8 30. Rxa7+ Kb8 31. Qb7# 1-0

[Event "Junior Online 4NCL Division 5"]
[Site "online"]
[Date "2020.05.28"]
[Round "7.2"]
[White "Patel, Diah Dipal"]
[Black "Robinson, Jonas"]
[Result "0-1"]
[WhiteElo "707"]
[BlackElo "850"]
[PlyCount "76"]
[EventDate "2020.05.28"]
[WhiteTeam "Hallfield School C"]
[BlackTeam "MCS Niners"]

1. e4 e5 2. Bc4 Nf6 3. Nf3 Nc6 4. Nc3 Bc5 5. Ng5 O-O 6. O-O d6 7. Nd5 Nxd5 8.
d3 Nb6 9. Qh5 h6 10. Bxf7+ Rxf7 11. Qxf7+ Kh8 12. Qg6 Qxg5 13. Bxg5 hxg5 14.
Qxg5 Nd4 15. Rfe1 Bh3 16. Qh5+ Kg8 17. Qxh3 Nxc2 18. Rec1 Nxa1 19. Rxa1 Rf8 20.
Qe6+ Kh8 21. Qh3+ Kg8 22. Kh1 Rxf2 23. d4 Bxd4 24. Qe6+ Kh8 25. h4 Rxb2 26. Rf1
Bf2 27. Qe8+ Kh7 28. Qh5+ Kg8 29. Qf5 Bg3 30. Qf8+ Kh7 31. h5 Nc4 32. Qf5+ Kg8
33. Qg5 Bf4 34. Qe7 Ne3 35. Qe6+ Kh7 36. Qg6+ Kg8 37. Rf3 Rb1+ 38. Rf1 Rxf1#
0-1

[Event "Junior Online 4NCL Division 5"]
[Site "online"]
[Date "2020.05.28"]
[Round "7.5"]
[White "Bradley, Adam"]
[Black "Sapsford, Oliver"]
[Result "1-0"]
[WhiteElo "1075"]
[BlackElo "1359"]
[PlyCount "64"]
[EventDate "2020.05.28"]
[WhiteTeam "Robin Hoods 6"]
[BlackTeam "Entangled States"]

1. e4 e6 2. d4 d5 3. Nd2 c5 4. Bb5+ Bd7 5. c4 cxd4 6. e5 dxc4 7. Bxc4 Nc6 8.
Ne4 Nxe5 9. Bg5 Be7 10. Bf4 Nxc4 11. Qb3 Qa5+ 12. Bd2 Nxd2 13. Nxd2 Bg5 14.
Qxb7 Qxd2+ 15. Kf1 Qd3+ 16. Ne2 Rd8 17. Re1 Bb5 18. h4 Bd2 19. a4 Ba6 20. Qc6+
Kf8 21. Qc7 Ke8 22. Qc6+ Ke7 23. Qc7+ Rd7 24. Qc5+ Kd8 25. Qe5 Bxe1 26. Kxe1
Qb1+ 27. Kd2 Qxh1 28. Nxd4 Nf6 29. Ke3 Qe1+ 30. Ne2 Qxe2+ 31. Kf4 Qxe5+ 32.
Kxe5 Rd2 1-0

[Event "Junior Online 4NCL Division 5"]
[Site "online"]
[Date "2020.05.28"]
[Round "7.6"]
[White "Rathkey, Nia"]
[Black "Stokes, Matthew"]
[Result "1-0"]
[WhiteElo "963"]
[BlackElo "880"]
[PlyCount "62"]
[EventDate "2020.05.28"]
[WhiteTeam "Entangled States"]
[BlackTeam "Robin Hoods 6"]

1. e4 d5 2. Nc3 Nf6 3. d3 dxe4 4. Nxe4 Nxe4 5. dxe4 Qxd1+ 6. Kxd1 e5 7. Nf3 Nc6
8. Bb5 Bd7 9. Be3 O-O-O 10. Bxc6 Bxc6+ 11. Ke2 Bxe4 12. Nxe5 Re8 13. Nxf7 Rg8
14. Ng5 Bxc2 15. Rhc1 Bf5 16. Rc5 Bxc5 17. Rc1 Bb6 18. Nf3 Bg4 19. Rc4 Bxf3+
20. Kxf3 Rgf8+ 21. Kg3 Bxe3 22. fxe3 Rxe3+ 23. Kg4 Rf6 24. g3 Re2 25. Rc3 Rxh2
26. Rf3 Rxf3 27. Kxf3 Rxb2 28. g4 Rd2 29. Kf4 Rd5 30. g5 c5 31. Kg4 g6 1-0

[Event "Junior Online 4NCL Division 5"]
[Site "online"]
[Date "2020.05.28"]
[Round "7.7"]
[White "Clay, Jonathan"]
[Black "Siddall, George"]
[Result "0-1"]
[WhiteElo "887"]
[BlackElo "651"]
[PlyCount "56"]
[EventDate "2020.05.28"]
[WhiteTeam "Robin Hoods 6"]
[BlackTeam "Entangled States"]

1. e4 e5 2. Nf3 Nc6 3. Bc4 Nf6 4. Nc3 Bc5 5. O-O O-O 6. d3 h6 7. Na4 Bd4 8. Bd2
a6 9. Nxd4 Nxd4 10. Nc5 b5 11. Bd5 Nxd5 12. exd5 d6 13. Ne4 Bf5 14. Ba5 Bxe4
15. Qg4 Bxd5 16. c3 Ne6 17. c4 bxc4 18. dxc4 Bc6 19. Bd2 f5 20. Qg6 Rf6 21. Qh5
Nf4 22. Qd1 Bxg2 23. Re1 Rg6 24. Bxf4 Bf3+ 25. Kf1 Bxd1 26. Rexd1 exf4 27. Rd2
Qg5 28. Re2 Qg1# 0-1

[Event "Junior Online 4NCL Division 5"]
[Site "online"]
[Date "2020.05.28"]
[Round "7.8"]
[White "Rees, Jack"]
[Black "Stoyanov, Boris"]
[Result "0-1"]
[WhiteElo "666"]
[BlackElo "857"]
[PlyCount "76"]
[EventDate "2020.05.28"]
[WhiteTeam "Entangled States"]
[BlackTeam "Robin Hoods 6"]

1. e4 e5 2. Nf3 Nc6 3. Bc4 Nf6 4. Nc3 Bb4 5. a3 Bxc3 6. bxc3 d6 7. d3 O-O 8.
O-O Ng4 9. Bg5 Qd7 10. Qb1 Na5 11. Bb5 c6 12. Ba4 b5 13. Bb3 Nxb3 14. Qxb3 d5
15. a4 Rb8 16. axb5 cxb5 17. Be3 Nxe3 18. fxe3 a6 19. Rxa6 Bxa6 20. Ra1 Ra8 21.
Qxd5 Rfd8 22. Qc5 Rdc8 23. Qd5 Rd8 24. Nd4 Bb7 25. Rf1 Bxd5 26. exd5 exd4 27.
exd4 b4 28. cxb4 Qxd5 29. c3 Qb3 30. g3 Qxc3 31. h3 Ra1 32. Kg2 Rxf1 33. Kxf1
Qxd3+ 34. Kf2 Qxd4+ 35. Kf3 Re8 36. Kg2 Re3 37. Kh2 Qd2+ 38. Kg1 Re1# 0-1

[Event "Junior Online 4NCL Division 5"]
[Site "online"]
[Date "2020.05.28"]
[Round "7.9"]
[White "Sapsford, Oliver"]
[Black "Bradley, Adam"]
[Result "0-1"]
[WhiteElo "1359"]
[BlackElo "1075"]
[PlyCount "54"]
[EventDate "2020.05.28"]
[WhiteTeam "Entangled States"]
[BlackTeam "Robin Hoods 6"]

1. e3 e5 2. d4 d5 3. dxe5 Bb4+ 4. Bd2 Nc6 5. Bb5 Qg5 6. Bxc6+ bxc6 7. Bxb4 Qxe5
8. Bc3 Qe4 9. Nf3 Qg4 10. Rg1 Qc4 11. Bxg7 Qb4+ 12. Nc3 d4 13. Qxd4 Qxd4 14.
Nxd4 f6 15. Bxh8 Kf7 16. O-O-O Bg4 17. f3 Bh5 18. Nxc6 Nh6 19. Rd7+ Ke6 20.
Rxh7 Be8 21. Rxh6 Bxc6 22. Rxf6+ Ke7 23. Rxc6 Rxh8 24. Rxc7+ Kd6 25. Rxa7 Rd8
26. Rd1+ Kc6 27. Rxd8 Kb6 0-1

[Event "Junior Online 4NCL Division 5"]
[Site "online"]
[Date "2020.05.28"]
[Round "7.10"]
[White "Stokes, Matthew"]
[Black "Rathkey, Nia"]
[Result "1-0"]
[WhiteElo "880"]
[BlackElo "963"]
[PlyCount "35"]
[EventDate "2020.05.28"]
[WhiteTeam "Robin Hoods 6"]
[BlackTeam "Entangled States"]

1. d4 d5 2. c4 Nf6 3. Nc3 Nc6 4. Nf3 Bf5 5. Bf4 Qd7 6. e3 O-O-O 7. Be2 e6 8.
O-O Bb4 9. Qd2 Bxc3 10. Qxc3 Kb8 11. c5 Rhg8 12. Qb3 Na5 13. Qb4 Nc6 14. Qb3
Na5 15. Qc3 Nc6 16. h3 Ne4 17. Qc2 Nb4 18. Qb3 1-0

[Event "Junior Online 4NCL Division 5"]
[Site "online"]
[Date "2020.05.28"]
[Round "7.11"]
[White "Siddall, George"]
[Black "Clay, Jonathan"]
[Result "1-0"]
[WhiteElo "651"]
[BlackElo "887"]
[PlyCount "37"]
[EventDate "2020.05.28"]
[WhiteTeam "Entangled States"]
[BlackTeam "Robin Hoods 6"]

1. e4 e5 2. Nf3 Nc6 3. Bc4 Bc5 4. Nc3 Nf6 5. O-O O-O 6. d3 d6 7. h3 h6 8. Be3
Be6 9. Bxe6 Bxe3 10. Bf5 Bf4 11. g3 g6 12. gxf4 gxf5 13. Nh4 fxe4 14. dxe4 exf4
15. Ng2 d5 16. exd5 Nxd5 17. Nxd5 Kh8 18. Qh5 Rg8 19. Qxh6# 1-0

[Event "Junior Online 4NCL Division 5"]
[Site "online"]
[Date "2020.05.28"]
[Round "7.12"]
[White "Stoyanov, Boris"]
[Black "Rees, Jack"]
[Result "1-0"]
[WhiteElo "857"]
[BlackElo "666"]
[PlyCount "65"]
[EventDate "2020.05.28"]
[WhiteTeam "Robin Hoods 6"]
[BlackTeam "Entangled States"]

1. c4 d6 2. e4 Be6 3. d3 Nf6 4. Nc3 Bg4 5. Nf3 e6 6. Be2 c6 7. Nh4 d5 8. Bxg4
h5 9. Bf3 g5 10. Bxg5 Be7 11. Bxf6 Bxf6 12. g3 Qb6 13. Bxh5 Bxc3+ 14. bxc3 Rxh5
15. Qxh5 Qb2 16. Qh8+ Ke7 17. O-O a5 18. cxd5 exd5 19. exd5 cxd5 20. Rfe1+ Kd6
21. Nf5+ Kc7 22. Qe5+ Kc8 23. Ne7+ Kd8 24. Qxd5+ Kc7 25. Qe5+ Kb6 26. Nd5+ Kb5
27. Nc7+ Kb6 28. Nxa8+ Ka7 29. Nc7 Qb6 30. Rab1 Qc6 31. Nb5+ Ka6 32. Qxb8 f5
33. Qa7# 1-0

[Event "Junior Online 4NCL Division 5"]
[Site "online"]
[Date "2020.05.28"]
[Round "7.16"]
[White "Gadhia, Sathya"]
[Black "Bredenoord, Conrad"]
[Result "0-1"]
[WhiteElo "812"]
[BlackElo "1142"]
[PlyCount "84"]
[EventDate "2020.05.28"]
[WhiteTeam "Blue Foxes 2"]
[BlackTeam "Long Ditton St Mary's"]

1. e3 e5 2. Nf3 Bd6 3. Nc3 g6 4. Bb5 Nf6 5. d4 exd4 6. exd4 c6 7. Bd3 c5 8.
dxc5 Bxc5 9. Bg5 Nc6 10. Bxf6 Qxf6 11. Bb5 Ne7 12. O-O a6 13. Re1 axb5 14. Nxb5
Qxb2 15. Nc7+ Kd8 16. Nxa8 Qa3 17. Ne5 Rf8 18. Qd3 Qxa8 19. Rad1 d6 20. Nf3 Qa7
21. g4 Bxf2+ 22. Kg2 Bxe1 23. Rxe1 Bxg4 24. Qd4 Bxf3+ 25. Kxf3 Qxd4 26. c3
Qxc3+ 27. Re3 Qf6+ 28. Ke2 Qb2+ 29. Kf3 Qxh2 30. Kg4 Qxa2 31. Ra3 Qxa3 32. Kf4
Nd5+ 33. Ke4 Nf6+ 34. Kd4 Qc5+ 35. Kd3 Re8 36. Kd2 Qd4+ 37. Kc2 Re2+ 38. Kb3
Re3+ 39. Kc2 Qd3+ 40. Kb2 Re2+ 41. Kc1 Qd2+ 42. Kb1 Qd1# 0-1

[Event "Junior Online 4NCL Division 5"]
[Site "online"]
[Date "2020.05.28"]
[Round "7.17"]
[White "Holben, Joseph"]
[Black "Fowkes, Chloe"]
[Result "1-0"]
[WhiteElo "1067"]
[BlackElo "775"]
[PlyCount "21"]
[EventDate "2020.05.28"]
[WhiteTeam "Long Ditton St Mary's"]
[BlackTeam "Blue Foxes 2"]

1. e4 e5 2. d4 d5 3. Nc3 Nc6 4. exd5 Nf6 5. dxe5 Nxe5 6. Bf4 Nxd5 7. Nxd5 Qxd5
8. Qxd5 Ng6 9. Bxc7 Bb4+ 10. c3 Bc5 11. Qd8# 1-0

[Event "Junior Online 4NCL Division 5"]
[Site "online"]
[Date "2020.05.28"]
[Round "7.18"]
[White "Gadhia, Sai"]
[Black "New, Felix"]
[Result "0-1"]
[WhiteElo "775"]
[BlackElo "1015"]
[PlyCount "32"]
[EventDate "2020.05.28"]
[WhiteTeam "Blue Foxes 2"]
[BlackTeam "Long Ditton St Mary's"]

1. e4 e5 2. Nf3 Nc6 3. Nc3 Nf6 4. Bb5 Bc5 5. d4 Bxd4 6. Bg5 Bxc3+ 7. bxc3 a6 8.
Bxc6 bxc6 9. Bxf6 Qxf6 10. O-O h5 11. h4 Rh6 12. Rc1 Rg6 13. Nd2 Qf4 14. g4
hxg4 15. f3 gxf3+ 16. Kh1 Qxh4# 0-1

[Event "Junior Online 4NCL Division 5"]
[Site "online"]
[Date "2020.05.28"]
[Round "7.20"]
[White "Bredenoord, Conrad"]
[Black "Gadhia, Sathya"]
[Result "1-0"]
[WhiteElo "1142"]
[BlackElo "812"]
[PlyCount "21"]
[EventDate "2020.05.28"]
[WhiteTeam "Long Ditton St Mary's"]
[BlackTeam "Blue Foxes 2"]

1. e4 Nc6 2. Nf3 Nf6 3. Nc3 e5 4. Bc4 d5 5. exd5 Bg4 6. dxc6 Bxf3 7. Qxf3 bxc6
8. Qxc6+ Qd7 9. Qf3 Bb4 10. Bb5 Bxc3 11. Bxd7+ 1-0

[Event "Junior Online 4NCL Division 5"]
[Site "online"]
[Date "2020.05.28"]
[Round "7.21"]
[White "Fowkes, Chloe"]
[Black "Holben, Joseph"]
[Result "0-1"]
[WhiteElo "775"]
[BlackElo "1067"]
[PlyCount "24"]
[EventDate "2020.05.28"]
[WhiteTeam "Blue Foxes 2"]
[BlackTeam "Long Ditton St Mary's"]

1. e4 e5 2. Nf3 Bd6 3. Nxe5 Bxe5 4. Qe2 Nf6 5. Qd1 Nxe4 6. Bd3 Ng5 7. Bf5 Qf6
8. Bxd7+ Bxd7 9. O-O Nf3+ 10. gxf3 Qg6+ 11. Kh1 Qh6 12. Qe1 Qxh2# 0-1

[Event "Junior Online 4NCL Division 5"]
[Site "online"]
[Date "2020.05.28"]
[Round "7.22"]
[White "New, Felix"]
[Black "Gadhia, Sai"]
[Result "1-0"]
[WhiteElo "1015"]
[BlackElo "775"]
[PlyCount "97"]
[EventDate "2020.05.28"]
[WhiteTeam "Long Ditton St Mary's"]
[BlackTeam "Blue Foxes 2"]

1. e4 d5 2. e5 f6 3. exf6 Nc6 4. fxe7 Qxe7+ 5. Be2 Nd4 6. c3 Nf5 7. Na3 Be6 8.
Nb5 c6 9. Nd4 Nxd4 10. cxd4 O-O-O 11. h3 Nf6 12. Qa4 b5 13. Qa6+ Qb7 14. Qa3
Ne4 15. Qb3 c5 16. Bxb5 g5 17. Bd7+ Bxd7 18. d3 Nf6 19. Bxg5 c4 20. dxc4 Bb4+
21. Kd1 Ne4 22. Bxd8 Rxd8 23. Qf3 Re8 24. cxd5 Qxd5 25. Ne2 h5 26. Rc1+ Bc6 27.
g4 Bc5 28. gxh5 Ba4+ 29. b3 Bb5 30. Qg4+ Kc7 31. Qg7+ Re7 32. Qg2 a5 33. Qh2+
Kb7 34. h6 Re8 35. h7 Rh8 36. Qg2 Rxh7 37. Qg6 Qf7 38. Qxe4+ Bc6 39. d5 Bxd5
40. Qa4 Bc4 41. Rxc4 Rh4 42. Rxh4 Be3 43. Qe4+ Qd5+ 44. Qxd5+ Kb6 45. fxe3 Kc7
46. Qxa5+ Kd6 47. Rh6+ Ke7 48. Qa7+ Ke8 49. Rh8# 1-0

[Event "Junior Online 4NCL Division 5"]
[Site "online"]
[Date "2020.05.28"]
[Round "7.25"]
[White "Friedersdorff, Finlay"]
[Black "Chockalingam, Ramcharan"]
[Result "1-0"]
[WhiteElo "887"]
[BlackElo "1045"]
[PlyCount "49"]
[EventDate "2020.05.28"]
[WhiteTeam "Leicestershire Juniors 6"]
[BlackTeam "Uxbridge Juniors B1"]

1. e4 e5 2. Nf3 Nc6 3. Bc4 Be7 4. O-O Nf6 5. Nc3 O-O 6. d3 h6 7. Nd5 Nxd5 8.
Bxd5 d6 9. Qe2 Bg4 10. Qe3 Bg5 11. Qe1 Bxc1 12. Rxc1 Bxf3 13. gxf3 Qg5+ 14. Kh1
Nd4 15. Qe3 Qg6 16. Rg1 Qh5 17. f4 c6 18. fxe5 dxe5 19. Bc4 Nf3 20. Rg2 b6 21.
d4 Rfe8 22. Be2 exd4 23. Qxf3 Qe5 24. Qg4 Qxe4 25. Qxg7# 1-0

[Event "Junior Online 4NCL Division 5"]
[Site "online"]
[Date "2020.05.28"]
[Round "7.26"]
[White "Mangalagiri, Pranav"]
[Black "Sreenivas, Rohit"]
[Result "1-0"]
[WhiteElo "970"]
[BlackElo "850"]
[PlyCount "107"]
[EventDate "2020.05.28"]
[WhiteTeam "Uxbridge Juniors B1"]
[BlackTeam "Leicestershire Juniors 6"]

1. e4 e5 2. Nf3 Nc6 3. Bc4 Nf6 4. d3 Bb4+ 5. Nc3 Bxc3+ 6. bxc3 O-O 7. Bb5 d6 8.
Bxc6 bxc6 9. O-O Bg4 10. Bg5 Bxf3 11. Qxf3 c5 12. Bxf6 Qxf6 13. Qxf6 gxf6 14.
c4 c6 15. a4 Rfd8 16. f4 exf4 17. Rxf4 Kg7 18. Kf2 d5 19. cxd5 cxd5 20. exd5
Rxd5 21. Ke3 Rc8 22. Ke4 Rg5 23. g3 Rh5 24. h4 Re5+ 25. Kf3 c4 26. dxc4 Rce8
27. Ra3 Kg6 28. g4 a5 29. h5+ Kg5 30. Rb3 Re1 31. Kf2 R1e2+ 32. Kf3 Rxc2 33.
Rd3 Rc1 34. Rd5+ Kh6 35. c5 Rf1+ 36. Kg3 Rxf4 37. Kxf4 Re5 38. Rxe5 fxe5+ 39.
Kxe5 Kg5 40. c6 Kxg4 41. c7 f5 42. c8=Q Kxh5 43. Qxf5+ Kh4 44. Qxh7+ Kg4 45.
Qa7 Kh3 46. Qxa5 Kg2 47. Qd5+ Kg1 48. a5 Kf2 49. Qd3 Kg2 50. a6 Kh2 51. a7 Kh1
52. a8=Q+ Kg1 53. Qa2 Kh1 54. Qd1# 1-0

[Event "Junior Online 4NCL Division 5"]
[Site "online"]
[Date "2020.05.28"]
[Round "7.27"]
[White "Kadir, Karo"]
[Black "Palampathi, Sanjit"]
[Result "0-1"]
[WhiteElo "850"]
[BlackElo "1022"]
[PlyCount "21"]
[EventDate "2020.05.28"]
[WhiteTeam "Leicestershire Juniors 6"]
[BlackTeam "Uxbridge Juniors B1"]

1. d4 d5 2. Nc3 Nf6 3. Nf3 e6 4. Bf4 Nc6 5. e3 Bb4 6. Qd2 a6 7. Bd3 O-O 8. a3
Bxc3 9. Qxc3 Ne4 10. Qd2 Nxd2 11. Nxd2 0-1

[Event "Junior Online 4NCL Division 5"]
[Site "online"]
[Date "2020.05.28"]
[Round "7.28"]
[White "Rodgers, Micah"]
[Black "Harper, Lauren"]
[Result "1-0"]
[WhiteElo "1007"]
[BlackElo "767"]
[PlyCount "99"]
[EventDate "2020.05.28"]
[WhiteTeam "Uxbridge Juniors B1"]
[BlackTeam "Leicestershire Juniors 6"]

1. e4 e5 2. Bc4 Nf6 3. Nf3 Nc6 4. Nc3 Bb4 5. a3 Bxc3 6. bxc3 O-O 7. O-O d6 8.
Ng5 Be6 9. Qf3 Bxc4 10. Qh3 Bxf1 11. Qxh7+ Nxh7 12. Nxh7 Kxh7 13. Kxf1 Qg5 14.
d4 exd4 15. Bxg5 d3 16. cxd3 f6 17. Be3 b5 18. g4 b4 19. cxb4 Rab8 20. Rc1 Ne7
21. Rxc7 Rg8 22. Rxe7 a6 23. Re6 Rbe8 24. Rxd6 Ra8 25. Rd5 a5 26. bxa5 Rac8 27.
Rh5+ Kg6 28. f4 Rc1+ 29. Bxc1 Rc8 30. Be3 Rb8 31. f5+ Kf7 32. Bf4 Rb1+ 33. Ke2
Ra1 34. Bd6 Ke8 35. a6 Kd8 36. a7 Kc8 37. a8=Q+ Kd7 38. Bf8 Kc7 39. Qa5+ Kc6
40. Qc5+ Kb7 41. d4 Rxa3 42. Qxa3 Kc6 43. d5+ Kc7 44. d6+ Kb6 45. d7 Kc6 46.
d8=Q Kb5 47. Qd5+ Kb6 48. Qdc5+ Kb7 49. Qe7+ Kc6 50. Qac5# 1-0

[Event "Junior Online 4NCL Division 5"]
[Site "online"]
[Date "2020.05.28"]
[Round "7.29"]
[White "Chockalingam, Ramcharan"]
[Black "Friedersdorff, Finlay"]
[Result "1-0"]
[WhiteElo "1045"]
[BlackElo "887"]
[PlyCount "21"]
[EventDate "2020.05.28"]
[WhiteTeam "Uxbridge Juniors B1"]
[BlackTeam "Leicestershire Juniors 6"]

1. e4 e5 2. Nf3 Nc6 3. Bc4 Nf6 4. Nc3 Bc5 5. O-O d6 6. h3 Bd7 7. d3 Nd4 8. Nxd4
Bxd4 9. Bg5 Bc6 10. Re1 Nh5 11. Bxd8 1-0

[Event "Junior Online 4NCL Division 5"]
[Site "online"]
[Date "2020.05.28"]
[Round "7.30"]
[White "Sreenivas, Rohit"]
[Black "Mangalagiri, Pranav"]
[Result "0-1"]
[WhiteElo "850"]
[BlackElo "970"]
[PlyCount "120"]
[EventDate "2020.05.28"]
[WhiteTeam "Leicestershire Juniors 6"]
[BlackTeam "Uxbridge Juniors B1"]

1. e4 e6 2. Nc3 d5 3. exd5 exd5 4. Bb5+ Bd7 5. Bxd7+ Qxd7 6. Nge2 Nc6 7. O-O
Nf6 8. Re1 Be7 9. b3 O-O 10. Na4 Nd8 11. d3 Qd6 12. Bg5 Ng4 13. g3 Bxg5 14. c4
dxc4 15. dxc4 Qxd1 16. Rexd1 Nf6 17. Nc5 b6 18. Nd3 Ne6 19. Ne5 c5 20. Nd7 Nxd7
21. Rxd7 Rad8 22. Rxa7 Be7 23. Rxe7 Rd2 24. Nf4 Nxf4 25. gxf4 Rfd8 26. Kg2 g6
27. Rae1 Kg7 28. Re8 Rxe8 29. Rxe8 Rxa2 30. Rb8 Ra6 31. f3 Kf6 32. Kg3 Kf5 33.
h4 f6 34. Kh3 Kxf4 35. Kg2 g5 36. hxg5 fxg5 37. Kf2 h5 38. Rh8 g4 39. fxg4 hxg4
40. Rf8+ Kg5 41. Rg8+ Kf4 42. Rf8+ Ke4 43. Kg3 Ra3 44. Rf4+ Ke5 45. Kxg4 Rxb3
46. Kg5 Rc3 47. Rh4 Rb3 48. Kg6 Rb4 49. Kf7 b5 50. cxb5 Rxh4 51. b6 Rb4 52. Ke7
Rxb6 53. Kd7 Rb1 54. Kc6 c4 55. Kc5 c3 56. Kc4 c2 57. Kc3 c1=Q+ 58. Kd3 Qa3+
59. Ke2 Rb2+ 60. Ke1 Qa1# 0-1

[Event "Junior Online 4NCL Division 5"]
[Site "online"]
[Date "2020.05.28"]
[Round "7.31"]
[White "Palampathi, Sanjit"]
[Black "Kadir, Karo"]
[Result "1/2-1/2"]
[WhiteElo "1022"]
[BlackElo "850"]
[PlyCount "79"]
[EventDate "2020.05.28"]
[WhiteTeam "Uxbridge Juniors B1"]
[BlackTeam "Leicestershire Juniors 6"]

1. e4 e5 2. Nf3 Nc6 3. Bc4 Bc5 4. d3 Nf6 5. Ng5 d5 6. Bxd5 Nxd5 7. exd5 Qxd5 8.
O-O Qd8 9. Nxf7 Kxf7 10. Qh5+ Kg8 11. Bg5 Be7 12. Re1 Bxg5 13. Re4 Qe7 14. Nc3
Bd7 15. Nd5 Qd8 16. Rae1 h6 17. Rxe5 Nxe5 18. Rxe5 Bc1 19. Ne7+ Kf8 20. Ng6+
Kg8 21. Ne7+ Kf8 22. Rf5+ Kxe7 23. Qf7+ Kd6 24. Qd5+ Ke7 25. Re5+ Kf8 26. Qc5+
Kg8 27. Qd5+ Kh7 28. Qe4+ g6 29. Re7+ Qxe7 30. Qxe7+ Kg8 31. Qxd7 Rh7 32. Qe6+
Kg7 33. Qe7+ Kh8 34. Qf6+ Kg8 35. Qxg6+ Rg7 36. Qe6+ Kh7 37. Qf5+ Kg8 38. Qe6+
Kh7 39. Qf5+ Kg8 40. Qe6+ 1/2-1/2

[Event "Junior Online 4NCL Division 5"]
[Site "online"]
[Date "2020.05.28"]
[Round "7.35"]
[White "Roul, Karan"]
[Black "Parizad, Anjal"]
[Result "1-0"]
[WhiteElo "434"]
[BlackElo "1000"]
[PlyCount "57"]
[EventDate "2020.05.28"]
[WhiteTeam "East Kilbride Bishops"]
[BlackTeam "Leicestershire Juniors 4"]

1. e4 e5 2. Nf3 Nf6 3. Nc3 Nc6 4. d4 d5 5. dxe5 dxe4 6. Qxd8+ Nxd8 7. exf6 gxf6
8. Bb5+ Nc6 9. Nd4 Bb4 10. Bd2 Bg4 11. Nxe4 Rd8 12. Nxf6+ Kf8 13. Nxg4 Rxd4 14.
Ne3 Bxd2+ 15. Kf1 Rb4 16. Bxc6 bxc6 17. Rd1 Bxe3 18. fxe3 Rxb2 19. g3 Rxc2 20.
Rd7 Rc1+ 21. Kg2 Rc2+ 22. Kg1 Rxa2 23. Rxc7 a5 24. Rxc6 Ra1+ 25. Kg2 a4 26.
Rxa1 Rg8 27. Rxa4 f5 28. Rc7 Rg7 29. Ra8# 1-0

[Event "Junior Online 4NCL Division 5"]
[Site "online"]
[Date "2020.05.28"]
[Round "7.36"]
[White "Miles, Jacob"]
[Black "Narasimhan, Srivathsan"]
[Result "0-1"]
[WhiteElo "1022"]
[BlackElo "410"]
[PlyCount "40"]
[EventDate "2020.05.28"]
[WhiteTeam "Leicestershire Juniors 4"]
[BlackTeam "East Kilbride Bishops"]

1. e4 e5 2. Bc4 Nf6 3. Nf3 Nc6 4. Nc3 Nxe4 5. Nxe4 d5 6. Bxd5 Qxd5 7. Nc3 Qd8
8. Qe2 Qe7 9. O-O Nd4 10. Qe4 Nxf3+ 11. gxf3 Qg5+ 12. Kh1 Bh3 13. Rg1 Qh5 14.
Qa4+ Bd7 15. Qe4 O-O-O 16. Nb5 Bxb5 17. Qb4 Bxb4 18. a3 Bc6 19. axb4 Qxf3+ 20.
Rg2 Qxg2# 0-1

[Event "Junior Online 4NCL Division 5"]
[Site "online"]
[Date "2020.05.28"]
[Round "7.37"]
[White "Roul, Tushar"]
[Black "Norton, Laurence"]
[Result "0-1"]
[WhiteElo "398"]
[BlackElo "887"]
[PlyCount "96"]
[EventDate "2020.05.28"]
[WhiteTeam "East Kilbride Bishops"]
[BlackTeam "Leicestershire Juniors 4"]

1. e4 e5 2. Nf3 Nc6 3. Nc3 Nf6 4. d4 exd4 5. Nxd4 Nxd4 6. Qxd4 Be7 7. Qd1 O-O
8. Bd3 d5 9. Be3 d4 10. Bd2 dxc3 11. Bxc3 Bg4 12. Qd2 Qd6 13. f3 Bh5 14. O-O-O
Rad8 15. e5 Qb6 16. Ba5 Qc6 17. Rhe1 Nd5 18. g4 Bg6 19. Bc3 Nxc3 20. Qxc3 Qxc3
21. bxc3 Bxd3 22. cxd3 Ba3+ 23. Kd2 Rd5 24. Ke2 Rfd8 25. Kf2 Rxd3 26. Rxd3 Rxd3
27. Kg1 Rxc3 28. Rd1 h6 29. f4 Bc5+ 30. Kh1 Rc2 31. f5 Rxa2 32. e6 f6 33. Rc1
Be3 34. Re1 Bf2 35. Rd1 c5 36. e7 Kf7 37. Rd7 c4 38. e8=Q+ Kxe8 39. Rxb7 c3 40.
Rc7 c2 41. Rc8+ Kd7 42. Rc4 Ra3 43. Rxc2 Be3 44. h4 a5 45. g5 fxg5 46. hxg5
hxg5 47. Rc1 Bxc1 48. f6 gxf6 0-1

[Event "Junior Online 4NCL Division 5"]
[Site "online"]
[Date "2020.05.28"]
[Round "7.38"]
[White "Sehgal, Garv"]
[Black "Israni, Ishita"]
[Result "1-0"]
[WhiteElo "782"]
[BlackElo "306"]
[PlyCount "47"]
[EventDate "2020.05.28"]
[WhiteTeam "Leicestershire Juniors 4"]
[BlackTeam "East Kilbride Bishops"]

1. e4 e5 2. Nf3 Nc6 3. Nc3 Bc5 4. Bc4 Nf6 5. O-O O-O 6. d4 exd4 7. Nb5 Nxe4 8.
Nbxd4 Nb4 9. Be3 Qf6 10. c3 Nc6 11. Nxc6 dxc6 12. Bxc5 b5 13. Bxf8 Kxf8 14. Bd3
Bf5 15. Qe2 Nd6 16. Bxf5 Nxf5 17. Rad1 Nh6 18. Rd7 g5 19. Rxc7 Ng4 20. h3 Nh6
21. Qe4 Re8 22. Rxc6 Qg7 23. Qb4+ Re7 24. Rc8# 1-0